Statistiken für Landkreise in Saarland

Klicken Sie hier um das Quiz zu spielen!

Allgemein

  • Dieses Quiz wurde 40 mal gespielt
  • Das Durchschnittsergebnis liegt bei 5 aus 6

Antwortstatistiken

HintAntwort% Korrekt
LandkreisSaarbrücken
100%
LandkreisSaarlouis
97%
LandkreisNeunkirchen
83%
LandkreisSt. Wendel
81%
LandkreisMerzig-Wadern
69%
LandkreisSaarpfalz-Kreis
50%

Verteilung der Resultate

Perzentil nach korrekt beantworteten Fragen

Anzahl Personen mit jedem Resultat

Ihre Resultats-Entwicklung

Sie haben dieses Quiz noch nicht gespielt